Quizzes
Events
Quiz Creation
Community
Videos
Private Events
Remove Ads
Sign In
Join for FREE
Feedback
Dark Mode
Quiz Categories
Sports
Geography
Music
Movies
Television
Just For Fun
Miscellaneous
History
Literature
Language
Science
Gaming
Entertainment
Religion
Holiday
For Kids
Quiz Lab
Recent
Popular Today
Quiz Kudos Today
Editor Picks
Curator Picks
Quizzes by...
Day
Popularity
Type
Ratings
Length
Year
Community
Subscriptions
Recent Discussions
Orange Saloon
Badges
Playlists
Quests
Create
Leaderboards
Showdown
Live 5
Trivia Bingo
Activity
Puzzle Library
Sporcle Events
Private Events
Virtual Trivia
Globe League
Become a Host
Pub Owners
SporcleCon
Opinionation
Our Games
Videos
Blog
Mobile Apps
Partnerships
Remove Ads and Go Orange
Feedback
Gaming
Video Games
Board Games
Card Games
Pokémon
Mario
Nintendo
Minecraft
Console
Toys
Legend of Zelda
Gaming
Video Games
Board Games
Card Games
Pokémon
Mario
Nintendo
Minecraft
Console
Toys
Legend of Zelda
Random Quiz
Search Sporcle
×
Quiz Lab
Quiz Lab
Gaming
Board Games
Type in answers that appear in a list
Type in answers that appear in a list
Classic
Best Score? Go Orange.
Punch-Out!! Characters Stats
Can you name the Characters from Every Punch-Out!! Game?
By
RoaringElbow
8m
53 Questions
1,547 Plays
1,547 Plays
1,547 Plays
Comments
Comments
Give Quiz Kudos
Give Quiz Kudos
-
- Ratings
hide this ad
Replay
Link that replays current quiz
Next Quiz
Link to next quiz in quiz playlist
You Got
0%
They Got
Avg Score
81%
Avg Friend Score
Upgrade to see
Score Distribution
Jump to the score distribution portion of the page
Score
0/53
Timer
08:00
0
Plays Today
Game
Character
% Correct
Punch-
Out!! (Arcade)
Glass Joe
97%
Punch-
Out!! (NES)
Glass Joe
97%
Punch-
Out!! Wii
Glass Joe
97%
Punch-
Out!! (NES)
Mr. Sandman
93.8%
Super Punch-
Out!! (SNES)
Mr. Sandman
93.8%
Punch-
Out!! Wii
Mr. Sandman
93.8%
Punch-
Out!! (Arcade)
Bald Bull
93.3%
Punch-
Out!! (NES)
King Hippo
93.3%
Punch-
Out!! (NES)
Bald Bull
93.3%
Super Punch-
Out!! (SNES)
Bald Bull
93.3%
Punch-
Out!! Wii
King Hippo
93.3%
Punch-
Out!! Wii
Bald Bull
93.3%
Punch-
Out!! (Arcade)
Mr. Sandman
91.5%
Punch-
Out!! (NES)
Piston Honda
91.4%
Punch-
Out!! Wii
Piston Hondo
91.4%
Super Punch-
Out!! (Arcade)
Super Macho Man
90.8%
Punch-
Out!! (NES)
Super Macho Man
90.8%
Super Punch-
Out!! (SNES)
Super Machoman
90.8%
Punch-
Out!! Wii
Super Macho Man
90.8%
Punch-
Out!! (NES)
Mike Tyson
90.4%
Punch-
Out!! (NES)
Von Kaiser
89.8%
Punch-
Out!! Wii
Von Kaiser
89.8%
Super Punch-
Out!! (Arcade)
Vodka Drunkenski
89.4%
Punch-
Out!! (NES)
Soda Popinski
89.4%
Punch-
Out!! Wii
Soda Popinski
89.4%
Punch-
Out!! (NES)
Don Flamenco
89%
Punch-
Out!! Wii
Don Flamenco
89%
Game
Character
% Correct
Super Punch-
Out!! (Arcade)
Great Tiger
87.4%
Punch-
Out!! (NES)
Great Tiger
87.4%
Punch-
Out!! Wii
Great Tiger
87.4%
Super Punch-
Out!! (Arcade)
Bear Hugger
86.6%
Super Punch-
Out!! (SNES)
Bear Hugger
86.6%
Punch-
Out!! Wii
Bear Hugger
86.6%
Punch-
Out!! Wii
Disco Kid
81.7%
Punch-
Out!! (NES)
Mr. Dream
80.8%
Punch-
Out!! Wii
Donkey Kong
80.8%
Super Punch-
Out!! (SNES)
Aran Ryan
78.8%
Punch-
Out!! Wii
Aran Ryan
78.8%
Super Punch-
Out!! (SNES)
Gabby Jay
71.7%
Punch-
Out!! (Arcade)
Piston Hurricane
69.4%
Super Punch-
Out!! (SNES)
Piston Hurricane
69.4%
Punch-
Out!! (Arcade)
Pizza Pasta
66.5%
Super Punch-
Out!! (SNES)
Nick Bruiser
65.1%
Super Punch-
Out!! (Arcade)
Dragon Chan
65%
Super Punch-
Out!! (SNES)
Dragon Chan
65%
Super Punch-
Out!! (SNES)
Rick Bruiser
63.4%
Super Punch-
Out!! (SNES)
Mad Clown
62.2%
Super Punch-
Out!! (SNES)
Bob Charlie
58.9%
Punch-
Out!! (Arcade)
Kid Quick
58.7%
Super Punch-
Out!! (SNES)
Narcis Prince
55.2%
Super Punch-
Out!! (SNES)
Masked Muscle
55%
Super Punch-
Out!! (SNES)
Hoy Quarlow
51%
Super Punch-
Out!! (SNES)
Heike Kagero
46.6%
Quiz Playlist
Details
Report
Send in Message
Add To Playlist
Classic:
Type in answers that appear in a list
Last Updated: Feb 16, 2017
Quiz Scoreboard
CHALLENGE
Sign Up to Join the Scoreboard
Show All
Scores
Hide
Comments
May contain spoilers
Recently Published
Pick 6: Fruits
by JohnFran
Miscellaneous
15s
Click the 1999 NBA Draft
by nibperrychub
Sports
2m
Alphabetical 'K' Countries by Flag Minefield
by ylime102
Geography
3m
More to Explore
Quiz From the Vault
Featured Blog Post
15 Basketball Trivia Facts You Can Be March Mad About
hide this ad
You Might Also Like...
Tags
Board Games Quiz
Character
circuit
punch-out
Today's Top Quizzes in Gaming
Browse Gaming
hide this ad
Today's Top Quizzes in Board Games
Browse Board Games
Top Contributed Quizzes in Gaming
1
Order Genshin Impact characters by release date!
2
Pokémon Gen IV Logic Puzzle (HARD)
3
HARD Pokemon Logic Puzzle
4
Genshin Impact Logic Puzzle Quiz
5
Genshin Impact Logic Puzzle Quiz II
6
Overwatch Logic Puzzle
7
Danganronpa Sorting Blitz
8
Pokémon Logic Puzzle (DIFFICULT)
9
Overwatch Hero Logic II
10
FF7 Gillionaire
Explore More
Trending Topics
Crossword
NBA
Marvel
Harry Potter
Disney
Kpop
Anime
Soccer
Country
Puzzle
WWE
NFL
Pokémon
The Office
Song
hide this ad
More By:
RoaringElbow
Quiz
Plays
Rating
Category
Featured
Created
WWE SummerSlam Main Events
114,681
4.32
Sports
Apr 9, 2010
All WWE Championship Reigns in Order
17,561
3.55
Sports
Jun 22, 2010
WWE Monday Night Raw Main Events 1999
9,056
4.41
Sports
Apr 28, 2012
2013 WWE Royal Rumble
9,018
4.30
Sports
Jan 27, 2013
2000 WWE Royal Rumble
7,525
4.18
Sports
Feb 3, 2010
Go to Creator's Profile
Score Distribution
Quiz Creator Spotlight
RoaringElbow
Follow
Send a Message
Quizzes Created
-
Created Quiz Play Count
-
More By This Creator
Popular Quizzes Today
1
Find the US States - No Outlines Minefield
2
Countries of Asia Without Outlines Minefield
3
Pick 6: Fruits
4
The Countries of the World
5
Alphabetical 'K' Countries by Flag Minefield
6
Click the 1999 NBA Draft
7
Find the US States
8
Match the Book to the Film X
More Gaming Quizzes
10 to 1: Stardew Valley II
Quiz Lab
Trending Quizzes
Pick 6: Harry Potter
Pick 6: Mountains
Pick 6: NFL Teams
Pick 6: Movie Franchises
Pick 6: Golfers
Recently Updated
Women's Final Four Teams by Year
bhenderson79
Presidents Quartet II
eogle
Anything But Clue(do)
eogle
Anything But Oceanian Capitals
eogle
Anything But 7
eogle
Anything But Thing
eogle
Word Ladder: February 29
pecheneg
Song Title Questions
pecheneg
Women's NCAA Tournament #1 Seeds
pecheneg
Celebrity Mug Shots
pecheneg
Trending Topics
Anime
Harry Potter
Kpop
Disney
Marvel
Crossword
NBA
Soccer
NFL
WWE
Puzzle
Country
Song
The Office
Pokémon
Your Account Isn't Verified!
In order to create a playlist on Sporcle, you need to verify the email address you used during registration. Go to your
Sporcle Settings
to finish the process.
Report this User
Report this user for behavior that violates our
Community Guidelines
.
Details:
Send Report
Go to the Sporcle.com Mobile Site →
Comments